000 00523pab a2200181 454500
008 180718b2006 xxu||||| |||| 00| 0 eng d
100 _aThakur, Rizwan Alam
245 _aIndian art, education and culture with emphasis on Indian contribution to South Asian cultural heritage
260 _c2006
300 _ap.9-11.
362 _a13 Feb
650 _aArt - India
650 _aEducation - India
650 _aCultural heritage - India
650 _aCultural heritage
773 _aUniversity News
909 _a68845
999 _c68845
_d68845